| 000 | 00997cam a2200265 i 4500 | ||
|---|---|---|---|
| 003 | SA-RiAUC | ||
| 005 | 20251004160022.0 | ||
| 008 | 251001s1987 ua g 00000 ara c | ||
| 040 |
_aSA-JeALM _bara _cSA-RiAUC _erda |
||
| 043 | _af-ua--- | ||
| 082 | 0 | 4 | _a347.6207 |
| 090 |
_a347.6207 _bش ا ك |
||
| 100 | 0 |
_aأحمد محمد شاكر، _d1892-1958 _eمؤلف. |
|
| 245 | 1 | 0 |
_aأبحاث في أحكام : _bفقه وقضاء وقانون / _cأحمد محمد شاكر. |
| 250 | _aالطبعة الثانية. | ||
| 264 | 1 |
_aالقاهرة : _bمكتبة ابن تيمية لطباعة ونشر الكتب السلفية، _c1986. |
|
| 300 |
_a188 صفحة ؛ _c24 سم |
||
| 336 |
_aنص _btxt _2rdacontent _3كتاب |
||
| 337 |
_aبدون وسيط _bn _2rdamedia |
||
| 338 |
_aمجلد _bnc _2rdacarrier |
||
| 650 | 7 |
_aالإثبات (قانون) _zمصر _2aucsh |
|
| 650 | 7 |
_aالفقه الإسلامي _2aucsh |
|
| 942 |
_2ddc _cBOOK _n0 |
||
| 949 |
_aSA-JeALM _d251001 _umohamedma123 _n1 |
||
| 999 |
_c12355 _d12355 |
||